Piłkarska kariera Davida Beckhama. - Statystyki

Ogólne statystyki
  • Ten quiz został rozwiązany 188 razy
  • Średni wynik to 4 z 6
Statystyki odpowiedzi
Lata Drużyna % Poprawnych
2003-2007 Real Madryt
98%
1993-2003 Manchester United
97%
2013-2013 PSG
85%
2007-2013 LA Galaxy
71%
2009-2010 Milan
58%
1995-1995 Preston
11%
Nie znaleziono quizów pasujących do podanych kryteriów
Rozkład punktacji
Procent ludzi z każdym wynikiem
Percentyl według liczby udzielonych odpowiedzi
Twoja historia wyników
Nie rozwiązałeś tego quizu